BAFTA Film Award Nominees for Best Actor - Statistics

General Stats
  • This quiz has been taken 234 times
    75 since last reset
  • The average score is 275 of 470
Answer Stats
Year Film Actor % Correct
2002 The Pianist Adrien Brody
100%
2024 The Brutalist Adrien Brody
100%
2023 Oppenheimer Cillian Murphy
100%
2019 Joker Joaquin Phoenix
100%
2015 The Revenant Leonardo DiCaprio
100%
2011 Moneyball Brad Pitt
100%
2008 The Curious Case of Benjamin Button Brad Pitt
100%
2018 Bohemian Rhapsody Rami Malek
100%
2012 The Master Joaquin Phoenix
100%
2005 Walk the Line Joaquin Phoenix
100%
2025 One Battle After Another Leonardo DiCaprio
100%
2021 Don't Look Up Leonardo DiCaprio
100%
2019 Once Upon a Time in Hollywood Leonardo DiCaprio
100%
2013 The Wolf of Wall Street Leonardo DiCaprio
100%
2006 The Departed Leonardo DiCaprio
100%
2004 The Aviator Leonardo DiCaprio
100%
2015 The Martian Matt Damon
100%
2013 Captain Phillips Tom Hanks
100%
2000 Cast Away Tom Hanks
100%
1998 Saving Private Ryan Tom Hanks
100%
1994 Forrest Gump Tom Hanks
100%
1993 Shadowlands Anthony Hopkins
98%
1978 Magic Anthony Hopkins
98%
2020 The Father Anthony Hopkins
98%
1993 The Remains of the Day Anthony Hopkins
98%
1991 The Silence of the Lambs Anthony Hopkins
98%
2012 Lincoln Daniel Day-Lewis
98%
2007 There Will Be Blood Daniel Day-Lewis
98%
2002 Gangs of New York Daniel Day-Lewis
98%
1989 My Left Foot Daniel Day-Lewis
98%
2021 The Power of the Dog Benedict Cumberbatch
98%
2014 The Imitation Game Benedict Cumberbatch
98%
2023 Maestro Bradley Cooper
98%
2018 A Star Is Born Bradley Cooper
98%
2012 Silver Linings Playbook Bradley Cooper
98%
2001 A Beautiful Mind Russell Crowe
98%
2021 King Richard Will Smith
98%
2017 Phantom Thread Daniel Day-Lewis
98%
1993 In the Name of the Father Daniel Day-Lewis
98%
1992 The Last of the Mohicans Daniel Day-Lewis
98%
1998 Shakespeare in Love Joseph Fiennes
98%
2024 Conclave Ralph Fiennes
98%
2014 The Grand Budapest Hotel Ralph Fiennes
98%
2005 The Constant Gardener Ralph Fiennes
98%
1999 The End of the Affair Ralph Fiennes
98%
1996 The English Patient Ralph Fiennes
98%
2000 Gladiator Russell Crowe
98%
1999 The Insider Russell Crowe
98%
2025 Marty Supreme Timothée Chalamet
98%
2024 A Complete Unknown Timothée Chalamet
98%
2017 Call Me by Your Name Timothée Chalamet
98%
2016 Manchester by the Sea Casey Affleck
96%
2010 The King's Speech Colin Firth
96%
2009 A Single Man Colin Firth
96%
2014 The Theory of Everything Eddie Redmayne
96%
2012 Argo Ben Affleck
96%
2017 Darkest Hour Gary Oldman
96%
2022 The Whale Brendan Fraser
96%
2015 The Danish Girl Eddie Redmayne
96%
2011 Tinker Tailor Soldier Spy Gary Oldman
96%
1987 Prick Up Your Ears Gary Oldman
96%
2025 Sinners Michael B. Jordan
96%
2014 Birdman Michael Keaton
96%
2016 La La Land Ryan Gosling
96%
2019 Marriage Story Adam Driver
94%
1974 Serpico Al Pacino
94%
2016 Hacksaw Ridge Andrew Garfield
94%
1975 Dog Day Afternoon Al Pacino
94%
1975 The Godfather Part II Al Pacino
94%
1994 Four Weddings and a Funeral Hugh Grant
94%
2004 Ray Jamie Foxx
94%
2018 Vice Christian Bale
94%
2013 American Hustle Christian Bale
94%
2006 Casino Royale Daniel Craig
94%
2024 Heretic Hugh Grant
94%
1964 Charade Cary Grant
94%
2010 The Social Network Jesse Eisenberg
94%
2003 Lost in Translation Bill Murray
91%
1983 Tootsie Dustin Hoffman
91%
1969 John and Mary Dustin Hoffman
91%
1969 Midnight Cowboy Dustin Hoffman
91%
2005 Capote Philip Seymour Hoffman
91%
1989 Rain Man Dustin Hoffman
91%
1980 Kramer vs. Kramer Dustin Hoffman
91%
1976 All the President's Men Dustin Hoffman
91%
1976 Marathon Man Dustin Hoffman
91%
1975 Lenny Dustin Hoffman
91%
1971 Little Big Man Dustin Hoffman
91%
2005 Brokeback Mountain Heath Ledger
91%
2016 Nocturnal Animals Jake Gyllenhaal
91%
2014 Nightcrawler Jake Gyllenhaal
91%
1993 Schindler's List Liam Neeson
91%
1958 Sea of Sand Michael Craig
91%
1990 Goodfellas Robert De Niro
91%
1983 The King of Comedy Robert De Niro
91%
1981 Raging Bull Robert De Niro
91%
1979 The Deer Hunter Robert De Niro
91%
1976 Taxi Driver Robert De Niro
91%
2008 Milk Sean Penn
91%
2003 21 Grams Sean Penn
91%
2003 Mystic River Sean Penn
91%
2018 Green Book Viggo Mortensen
91%
2016 Captain Fantastic Viggo Mortensen
91%
2007 Eastern Promises Viggo Mortensen
91%
2006 The Last King of Scotland Forest Whitaker
89%
1999 American Beauty Kevin Spacey
89%
2012 Les Misérables Hugh Jackman
89%
2010 127 Hours James Franco
89%
1960 The Trials of Oscar Wilde John Fraser
89%
2004 Finding Neverland Johnny Depp
89%
2003 Pirates of the Caribbean: The Curse of the Black Pearl Johnny Depp
89%
2001 The Shipping News Kevin Spacey
89%
1997 L.A. Confidential Kevin Spacey
89%
2022 Elvis Austin Butler
87%
1954 On the Waterfront Marlon Brando
87%
1953 Julius Caesar Marlon Brando
87%
1952 Viva Zapata! Marlon Brando
87%
1976 One Flew Over the Cuckoo's Nest Jack Nicholson
87%
1974 Chinatown Jack Nicholson
87%
1974 The Last Detail Jack Nicholson
87%
2022 The Banshees of Inisherin Colin Farrell
87%
2008 Slumdog Millionaire Dev Patel
87%
1958 The Young Lions Marlon Brando
87%
1954 Riot in Cell Block 11 Neville Brand
87%
2002 About Schmidt Jack Nicholson
87%
2010 True Grit Jeff Bridges
87%
2009 Crazy Heart Jeff Bridges
87%
1994 Pulp Fiction John Travolta
87%
1991 Dances with Wolves Kevin Costner
87%
1973 Last Tango in Paris Marlon Brando
87%
1972 The Godfather Marlon Brando
87%
1972 The Nightcomers Marlon Brando
87%
1989 Dead Poets Society Robin Williams
87%
1988 Good Morning, Vietnam Robin Williams
87%
2009 The Hurt Locker Jeremy Renner
85%
2015 Steve Jobs Michael Fassbender
85%
2011 Shame Michael Fassbender
85%
2008 The Wrestler Mickey Rourke
83%
2017 Get Out Daniel Kaluuya
83%
2011 The Descendants George Clooney
83%
2009 Up in the Air George Clooney
83%
2007 Michael Clayton George Clooney
83%
2004 Eternal Sunshine of the Spotless Mind Jim Carrey
83%
2023 Saltburn Barry Keoghan
81%
1982 Gandhi Ben Kingsley
81%
1992 Chaplin Robert Downey Jr.
81%
1987 The Name of the Rose Sean Connery
81%
2020 Ma Rainey's Black Bottom Chadwick Boseman
81%
2001 The Lord of the Rings: The Fellowship of the Ring Ian McKellen
81%
1996 Richard III Ian McKellen
81%
2002 Adaptation Nicolas Cage
81%
1995 Leaving Las Vegas Nicolas Cage
81%
2023 The Holdovers Paul Giamatti
81%
1990 The Hunt for Red October Sean Connery
81%
1977 Rocky Sylvester Stallone
81%
2011 The Artist Jean Dujardin
79%
1980 The Elephant Man John Hurt
79%
1983 Educating Rita Michael Caine
79%
1962 Lawrence of Arabia Peter O'Toole
79%
1998 Life is Beautiful Roberto Benigni
79%
1985 Kiss of the Spider Woman William Hurt
79%
2002 The Quiet American Michael Caine
79%
1998 Little Voice Michael Caine
79%
1986 Hannah and Her Sisters Michael Caine
79%
1983 The Honorary Consul Michael Caine
79%
1966 Alfie Michael Caine
79%
1965 The Ipcress File Michael Caine
79%
2006 Venus Peter O'Toole
79%
1964 Becket Peter O'Toole
79%
2022 Aftersun Paul Mescal
77%
1957 12 Angry Men Henry Fonda
74%
1960 The Apartment Jack Lemmon
74%
1959 Some Like It Hot Jack Lemmon
74%
1979 The China Syndrome Jack Lemmon
74%
2015 Trumbo Bryan Cranston
74%
1982 On Golden Pond Henry Fonda
74%
1965 Good Neighbor Sam Jack Lemmon
74%
1965 How to Murder Your Life Jack Lemmon
74%
1963 Days of Wine and Roses Jack Lemmon
74%
1955 Mister Roberts Jack Lemmon
74%
1982 Missing Jack Lemmon
74%
2024 The Apprentice Sebastian Stan
74%
1986 Hannah and Her Sisters Woody Allen
74%
1979 Manhattan Woody Allen
74%
1977 Annie Hall Woody Allen
74%
1972 The French Connection Gene Hackman
72%
1972 The Poseidon Adventure Gene Hackman
72%
1958 The Defiant Ones Sidney Poitier
72%
1975 French Connection II Gene Hackman
72%
1975 Night Moves Gene Hackman
72%
1974 The Conversation Gene Hackman
72%
1952 The African Queen Humphrey Bogart
72%
1967 In the Heat of the Night Sidney Poitier
72%
1966 A Patch of Blue Sidney Poitier
72%
1964 Lilies of the Field Sidney Poitier
72%
1961 A Raisin in the Sun Sidney Poitier
72%
1957 Edge of the City Sidney Poitier
72%
1990 Born on the Fourth of July Tom Cruise
72%
2013 12 Years a Slave Chiwetel Ejiofor
70%
1961 The Hustler Paul Newman
70%
1955 Richard III Laurence Olivier
70%
1970 Butch Cassidy and the Sundance Kid Robert Redford
70%
1970 Downhill Racer Robert Redford
70%
1970 Tell Them Willie Boy Is Here Robert Redford
70%
2013 Nebraska Bruce Dern
70%
1963 To Kill a Mockingbird Gregory Peck
70%
1953 Roman Holiday Gregory Peck
70%
1962 Lonely are the Brave Kirk Douglas
70%
1963 Hud Paul Newman
70%
1958 Cat on a Hot Tin Roof Paul Newman
70%
2025 Bugonia Jesse Plemons
70%
1973 Sleuth Laurence Olivier
70%
1962 Term of Trial Laurence Olivier
70%
1960 The Entertainer Laurence Olivier
70%
1959 The Devil's Disciple Laurence Olivier
70%
1957 The Prince and the Showgirl Laurence Olivier
70%
1952 Carrie Laurence Olivier
70%
2000 Wonder Boys Michael Douglas
70%
1988 Fatal Attraction Michael Douglas
70%
1970 Butch Cassidy and the Sundance Kid Paul Newman
70%
2020 Sound of Metal Riz Ahmed
70%
2019 Rocketman Taron Egerton
70%
1996 Shine Geoffrey Rush
68%
2025 Blue Moon Ethan Hawke
68%
2000 Quills Geoffrey Rush
68%
1988 A Fish Called Wanda Kevin Kline
68%
1979 Apocalypse Now Martin Sheen
68%
2022 Living Bill Nighy
66%
1978 The Goodbye Girl Richard Dreyfuss
66%
1985 Amadeus F. Murray Abraham
66%
1959 Anatomy of a Murder James Stewart
66%
1954 The Glenn Miller Story James Stewart
66%
2019 The Two Popes Jonathan Pryce
66%
1995 Carrington Jonathan Pryce
66%
2003 Cold Mountain Jude Law
66%
1975 Jaws Richard Dreyfuss
66%
1959 I'm All Right Jack Peter Sellers
64%
1972 The Hospital George C. Scott
64%
1972 They Might Be Giants George C. Scott
64%
1970 Patton George C. Scott
64%
1985 Witness Harrison Ford
64%
1958 The Sheepman Glenn Ford
64%
1967 Bonnie and Clyde Warren Beatty
64%
2010 Biutiful Javier Bardem
64%
1989 Henry V Kenneth Branagh
64%
1980 Being There Peter Sellers
64%
1964 Dr. Strangelove Peter Sellers
64%
1964 The Pink Panther Peter Sellers
64%
1962 Only Two Can Play Peter Sellers
64%
1982 Reds Warren Beatty
64%
1960 Tunes of Glory Alec Guinness
62%
1955 The Prisoner Alec Guinness
62%
1957 The Bridge on the River Kwai Alec Guinness
62%
1966 The Spy Who Came in from the Cold Richard Burton
62%
1966 Who's Afraid of Virginia Woolf? Richard Burton
62%
1956 Rebel Without a Cause James Dean
62%
1955 East of Eden James Dean
62%
1967 The Taming of the Shrew Richard Burton
62%
1959 Look Back in Anger Richard Burton
62%
2000 Billy Elliot Jamie Bell
60%
1977 Network Peter Finch
60%
1971 Sunday Bloody Sunday Peter Finch
60%
1961 No Love for Johnnie Peter Finch
60%
1960 The Trials of Oscar Wilde Peter Finch
60%
1956 A Town Like Alice Peter Finch
60%
1968 Guess Who's Coming to Dinner Spencer Tracy
60%
2024 Sing Sing Colman Domingo
60%
2023 Rustin Colman Domingo
60%
1960 Inherit the Wind Spencer Tracy
60%
1958 The Last Hurrah Spencer Tracy
60%
1956 The Mountain Spencer Tracy
60%
1953 The Actress Spencer Tracy
60%
2007 Atonement James McAvoy
60%
2017 Film Stars Don't Die in Liverpool Jamie Bell
60%
1959 The Nun's Story Peter Finch
60%
1957 Windom's Way Peter Finch
60%
1988 A Fish Called Wanda John Cleese
57%
2008 Frost/Nixon Frank Langella
57%
1991 Cyrano de Bergerac Gérard Depardieu
57%
1987 Jean de Florette Gérard Depardieu
57%
2021 Swan Song Mahershala Ali
57%
1963 This Sporting Life Richard Harris
57%
1984 The Dresser Albert Finney
55%
1982 Shoot the Moon Albert Finney
55%
1974 Murder on the Orient Express Albert Finney
55%
1971 Gumshoe Albert Finney
55%
1963 Tom Jones Albert Finney
55%
1960 Saturday Night and Sunday Morning Albert Finney
55%
1992 The Player Tim Robbins
55%
1981 Atlantic City Burt Lancaster
53%
1962 Birdman of Alcatraz Burt Lancaster
53%
1960 Elmer Gantry Burt Lancaster
53%
1980 All That Jazz Roy Scheider
53%
2003 21 Grams Benicio del Toro
51%
1959 Yesterday's Enemy Gordon Jackson
51%
2001 Iris Jim Broadbent
51%
1999 Topsy-Turvy Jim Broadbent
51%
1965 My Fair Lady Rex Harrison
51%
2021 Boiling Point Stephen Graham
51%
1986 Crocodile Dundee Paul Hogan
49%
1986 Mona Lisa Bob Hoskins
47%
1981 The Long Good Friday Bob Hoskins
47%
1973 Charley Varrick Walter Matthau
47%
1973 Pete 'n' Tillie Walter Matthau
47%
1976 The Bad News Bears Walter Matthau
47%
1976 The Sunshine Boys Walter Matthau
47%
1969 Hello, Dolly! Walter Matthau
47%
1969 The Secret Life of an American Wife Walter Matthau
47%
1967 In the Heat of the Night Rod Steiger
45%
1966 The Pawnbroker Rod Steiger
45%
1956 Picnic William Holden
45%
2020 Another Round Mads Mikkelsen
45%
2018 Stan & Ollie Steve Coogan
45%
1977 Network William Holden
45%
1965 Cat Ballou Lee Marvin
43%
1965 The Killers Lee Marvin
43%
1995 The Madness of King George Nigel Hawthorne
43%
1965 Zorba the Greek Anthony Quinn
43%
1962 Lawrence of Arabia Anthony Quinn
43%
1981 The French Lieutenant's Woman Jeremy Irons
43%
1992 The Crying Game Stephen Rea
43%
1997 The Full Monty Robert Carlyle
40%
2005 Good Night, and Good Luck David Strathairn
40%
1973 Don't Look Now Donald Sutherland
40%
1973 Steelyard Blues Donald Sutherland
40%
1978 Death on the Nile Peter Ustinov
40%
2001 In the Bedroom Tom Wilkinson
40%
1964 Yesterday, Today and Tomorrow Marcello Mastroianni
38%
1963 Divorce Italian Style Marcello Mastroianni
38%
1963 Tom Jones Hugh Griffith
38%
1961 Judgment at Nuremberg Montgomery Clift
38%
1955 Marty Ernest Borgnine
36%
1967 A Man for All Seasons Paul Scofield
36%
1967 Chimes at Midnight Orson Welles
36%
1958 The Defiant Ones Tony Curtis
36%
1957 Sweet Smell of Success Tony Curtis
36%
2025 I Swear Robert Aramayo
36%
1984 The Killing Fields Sam Waterston
36%
1991 Truly, Madly, Deeply Alan Rickman
34%
1984 The Killing Fields Haing S. Ngor
34%
1956 The Man with the Golden Arm Frank Sinatra
34%
1955 Not as a Stranger Frank Sinatra
34%
1961 Judgment at Nuremberg Maximilian Schell
34%
1994 The Adventures of Priscilla, Queen of the Desert Terence Stamp
34%
1984 The Dresser Tom Courtenay
34%
1964 King & Country Tom Courtenay
34%
1963 Billy Liar Tom Courtenay
34%
2006 The History Boys Richard Griffiths
32%
1970 Bob & Carol & Ted & Alice Elliott Gould
30%
1970 M*A*S*H Elliott Gould
30%
2004 The Motorcycle Diaries Gael García Bernal
30%
1960 Inherit the Wind Fredric March
30%
1954 Executive Suite Fredric March
30%
1952 Death of a Salesman Fredric March
30%
1967 The Deadly Affair James Mason
30%
1962 Lolita James Mason
30%
1978 Midnight Express Brad Davis
28%
1962 Advise and Consent Charles Laughton
28%
1958 Witness for the Prosecution Charles Laughton
28%
1996 Secrets & Lies Timothy Spall
28%
1969 Women in Love Alan Bates
26%
1962 A Kind of Loving Alan Bates
26%
1954 Carrington V.C. David Niven
26%
1995 Il Postino: The Postman Massimo Troisi
26%
1957 Time Without Pity Michael Redgrave
26%
1955 The Night My Number Came Up Michael Redgrave
26%
1968 Oliver! Ron Moody
26%
1997 Mrs Brown Billy Connolly
23%
2020 The Mauritanian Tahar Rahim
23%
1953 Julius Caesar John Gielgud
21%
1958 The Key Trevor Howard
21%
2022 Good Luck to You, Leo Grande Daryl McCormack
21%
1957 Heaven Knows, Mr Allison Robert Mitchum
21%
1968 The Charge of the Light Brigade Trevor Howard
21%
1957 Manuela Trevor Howard
21%
1953 The Heart of the Matter Trevor Howard
21%
2009 Sex & Drugs & Rock & Roll Andy Serkis
19%
1952 The Sound Barrier Ralph Richardson
19%
1964 Guns at Batasi Richard Attenborough
19%
1964 Seance on a Wet Afternoon Richard Attenborough
19%
1966 The Spy Who Came in from the Cold Oskar Werner
19%
1965 Ship of Fools Oskar Werner
19%
1959 Expresso Bongo Laurence Harvey
19%
1958 Room at the Top Laurence Harvey
19%
1966 Doctor Zhivago Ralph Richardson
19%
1966 Khartoum Ralph Richardson
19%
1966 The Wrong Box Ralph Richardson
19%
1962 The Dock Brief Richard Attenborough
19%
1960 The Angry Silence Richard Attenborough
19%
1954 Lease of Life Robert Donat
19%
1972 Young Winston Robert Shaw
19%
1962 The Long Absence Georges Wilson
17%
1955 Seven Samurai Toshiro Mifune
17%
1960 Tunes of Glory John Mills
17%
1954 Hobson's Choice John Mills
17%
1997 Nil by Mouth Ray Winstone
17%
1952 Folly to Be Wise Alastair Sim
15%
1958 Ice Cold in Alex Anthony Quayle
15%
1965 Darling Dirk Bogarde
15%
1963 The Servant Dirk Bogarde
15%
1990 Cinema Paradiso Philippe Noiret
15%
1971 Death in Venice Dirk Bogarde
15%
1967 Accident Dirk Bogarde
15%
1967 Our Mother's House Dirk Bogarde
15%
1961 Victim Dirk Bogarde
15%
1965 The Hill Harry Andrews
15%
1960 Let's Make Love Yves Montand
15%
1956 The Long Arm Jack Hawkins
15%
1955 The Prisoner Jack Hawkins
15%
1953 The Cruel Sea Jack Hawkins
15%
1952 Mandy Jack Hawkins
15%
1958 Tom Thumb Terry-Thomas
15%
1987 Jean de Florette Yves Montand
15%
1954 Doctor in the House Kenneth More
13%
1966 Pierrot le Fou Jean-Paul Belmondo
13%
1962 Léon Morin, Priest Jean-Paul Belmondo
13%
1954 The Caine Mutiny José Ferrer
13%
1956 Reach for the Sky Kenneth More
13%
1955 The Deep Blue Sea Kenneth More
13%
1953 Genevieve Kenneth More
13%
2023 Past Lives Teo Yoo
13%
1953 Roman Holiday Eddie Albert
11%
1962 Billy Budd Robert Ryan
11%
2021 Ali & Ava Adeel Akhtar
9%
1966 Morgan - A Suitable Case for Treatment David Warner
9%
1959 Maigret Sets a Trap Jean Gabin
9%
1957 La Traversé de Paris Jean Gabin
9%
1964 Dr. Strangelove Sterling Hayden
9%
1999 East is East Om Puri
9%
1956 Baby Doll Karl Malden
6%
1953 Shane Van Heflin
6%
1958 Wild Strawberries Victor Sjöström
6%
1959 Yesterday's Enemy Stanley Baker
6%
2007 The Lives of Others Ulrich Mühe
6%
1985 A Passage to India Victor Banerjee
6%
2020 The White Tiger Adarsh Gourav
4%
1955 The Bespoke Overcoat Alfie Bass
4%
1956 Gervaise François Périer
4%
1958 Room at the Top Donald Wolfit
4%
1954 Svengali Donald Wolfit
4%
1961 The Best of Enemies Alberto Sordi
4%
1958 The Enemy Below Curd Jürgens
4%
1958 The Inn of the Sixth Happiness Curd Jürgens
4%
1957 The Great Man Ed Wynn
4%
1963 Accattone Franco Citti
4%
1959 Living Takashi Shimura
4%
1955 Seven Samurai Takashi Shimura
4%
1952 The Pickwick Papers James Hayter
4%
1969 Inadmissible Evidence Nicol Williamson
4%
1968 The Bofors Gun Nicol Williamson
4%
1953 The Kidnappers Duncan Macrae
2%
1953 Diary of a Country Priest Claude Laydu
2%
1952 Miracle in Milan Francesco Golisano
2%
1962 Light in the Piazza George Hamilton
2%
1960 Crime and Punishment U.S.A. George Hamilton
2%
1956 Smiles of a Summer Night Gunnar Björnstrand
2%
1963 David and Lisa Howard Da Silva
2%
1965 Hamlet Innokenty Smoktunovsky
2%
1959 Maigret Sets a Trap Jean Desailly
2%
1953 We Are All Murderers Marcel Mouloudji
2%
1961 The Night Watch Philippe Leroy
2%
1957 The Gates of Paris Pierre Brasseur
2%
1956 The Unfrocked One Pierre Fresnay
2%
1952 God Needs Men Pierre Fresnay
2%
1957 Time Limit Richard Basehart
2%
1958 Harry Black I.S. Johar
2%
1961 Ballad of a Soldier Vladimir Ivashov
2%
1959 Ashes and Diamonds Zbigniew Cybulski
2%
1954 The Purple Plain Maurice Denham
2%
1952 The Sound Barrier Nigel Patrick
2%
No matching quizzes found
Score Distribution
Percent of People with Each Score
Percentile by Number Answered
Your Score History
You have not taken this quiz since the last reset